00528nam a22001817a 450000500170000001000140001702000270003103500130005803700130007108200150008410000180009924500540011725000130017126000420018427000730022630000280029950000190032720100726153754.0 aENG-96895 a9788175348608c1295.00 aEN-80428 bDBAD/PUB a345.406435 aKatiyar, B.B. aLaw of easements and licences /cby B.B. Katiyar a13th ed. aDelhibUniversal Law Publishingc2010 aC-FF-1A, Diskhush Industrial Estate,G.T. Karnal Road,bDelhie110033 aclx, 1091p.c25cm, (Hb) aincludes index